Transceiver And System Design For Digital Communications (Record no. 24796)

000 -LEADER
fixed length control field 00324nam a22000977a 4500
003 - CONTROL NUMBER IDENTIFIER
control field Nust
005 - DATE AND TIME OF LATEST TRANSACTION
control field 20170406170320.0
008 - FIXED-LENGTH DATA ELEMENTS--GENERAL INFORMATION
fixed length control field 150423b xxu||||| |||| 00| 0 eng d
020 ## - INTERNATIONAL STANDARD BOOK NUMBER
International Standard Book Number 9789746521024
Terms of availability Available
040 ## - CATALOGING SOURCE
Original cataloging agency DLC
Language of cataloging DLC
Transcribing agency RCMS
082 ## - DEWEY DECIMAL CLASSIFICATION NUMBER
Edition number 3rd, ed.
Classification number 621.384131 BUL
100 ## - MAIN ENTRY--PERSONAL NAME
Personal name Scott R. Bullock, P.E.
245 ## - TITLE STATEMENT
Title Transceiver And System Design For Digital Communications
260 ## - PUBLICATION, DISTRIBUTION, ETC.
Place of publication, distribution, etc. Bangkok
Name of publisher, distributor, etc. SciTech Publishing Inc.
Date of publication, distribution, etc. c2009
300 ## - PHYSICAL DESCRIPTION
Other physical details ill, :
Dimensions 28 cm.
538 ## - SYSTEM DETAILS NOTE
Display text Shelf # 12, Row # 3, System Engineering.
856 ## - ELECTRONIC LOCATION AND ACCESS
Materials specified Table of Contents Only.
942 ## - ADDED ENTRY ELEMENTS (KOHA)
Source of classification or shelving scheme
Koha item type Book
Call number prefix 621.384131 BUL
Holdings
Withdrawn status Lost status Source of classification or shelving scheme Damaged status Not for loan Permanent Location Current Location Shelving location Date acquired Total Checkouts Full call number Barcode Date last seen Date last checked out Price effective from Koha item type
          Central Library (CL) Central Library (CL) General Stacks 04/23/2015 1 621.384131 BUL RCMS002879 06/07/2023 09/22/2022 04/23/2015 Book
© 2023 Central Library, National University of Sciences and Technology. All Rights Reserved.